Online
Catalog

Tratado de sociologia / (Record no. 35120)

MARC details
000 -CABECERA
campo de control de longitud fija 01100nam a2200289 a 4500
001 - NÚMERO DE CONTROL
campo de control 000035629
005 - FECHA Y HORA DE LA ÚLTIMA TRANSACCIÓN
campo de control 20250611121345.0
008 - DATOS DE LONGITUD FIJA--INFORMACIÓN GENERAL
campo de control de longitud fija 111107s1963 ag 000 0 spa d
040 ## - FUENTE DE LA CATALOGACIÓN
Centro catalogador/agencia de origen DO-SdBNP
Lengua de catalogación spa
Centro/agencia transcriptor BNPHU
082 ## - NÚMERO DE LA CLASIFICACIÓN DECIMAL DEWEY
Número de clasificación 301
Número de documento/Ítem T776s
240 00 - TÍTULO UNIFORME
Título uniforme Traité de sociologie
Lenguaje de la obra Español
245 00 - MENCIÓN DE TÍTULO
Título Tratado de sociologia /
Mención de responsabilidad, etc. dirigido por Georges Gurvitch ; traducción de María C. Eguibar.
260 ## - PUBLICACIÓN, DISTRIBUCIÓN, ETC.
Lugar de publicación, distribución, etc. Buenos Aires :
Nombre del editor, distribuidor, etc. Kapelusz,
Fecha de publicación, distribución, etc. 1963.
300 ## - DESCRIPCIÓN FÍSICA
Extensión v. ;
Dimensiones 23 cm.
490 1# - MENCIÓN DE SERIE
Mención de serie Universitaria
490 1# - MENCIÓN DE SERIE
Mención de serie Filosofía y Ciencias Sociales
500 ## - NOTA GENERAL
Nota general Título origianl en francés.
500 ## - NOTA GENERAL
Nota general La Biblioteca posee el volumne 2
505 0# - NOTA DE CONTENIDO CON FORMATO
Información miscelánea v.2
Título Sociología política --
-- Sociología de las obras de civilización --
-- Psicología colectiva y psicología social --
-- Sociología y etnología.
650 #0 - PUNTO DE ACCESO ADICIONAL DE MATERIA--TÉRMINO DE MATERIA
Término de materia o nombre geográfico como elemento de entrada Sociología
9 (RLIN) 1061
650 #0 - PUNTO DE ACCESO ADICIONAL DE MATERIA--TÉRMINO DE MATERIA
Término de materia o nombre geográfico como elemento de entrada Psicología social
9 (RLIN) 1574
700 1# - PUNTO DE ACCESO ADICIONAL--NOMBRE DE PERSONA
Nombre de persona Eguibar, María C.
Término indicativo de función/relación tr.
9 (RLIN) 61542
700 1# - PUNTO DE ACCESO ADICIONAL--NOMBRE DE PERSONA
Nombre de persona Gurvitch, Georges
9 (RLIN) 61543
830 #1 - PUNTO DE ACCESO ADICIONAL DE SERIE-TÍTULO UNIFORME
Título uniforme Universitaria
9 (RLIN) 61544
830 #0 - PUNTO DE ACCESO ADICIONAL DE SERIE-TÍTULO UNIFORME
Título uniforme Filosofía y Ciencias Sociales
9 (RLIN) 61545
910 ## - DATOS DE OPCIÓN DEL USUARIO (OCLC)
Datos de opción del usuario Validado. Control de calidad BNPHU
Holdings
Estado de retiro Estado de pérdida Restricciones de uso No para préstamo Código de colección Localización permanente Ubicación/localización actual Fecha de adquisición Número de inventario Total de préstamos Signatura topográfica completa Código de barras Fecha visto por última vez Precio válido a partir de Tipo de ítem Koha Nota pública Ubicación en estantería
      Excluido de préstamo Monografías: Libros y Folletos General General 07.11.2011 LF1   301 T776s 35629-10 25.06.2020 25.06.2020 No se presta Perteneció a la biblioteca personal de Juan Isidro Jimenes Grullón.  
        Monografías: Libros y Folletos General General 07.11.2011 LF1   301 T776s 35630-10 25.06.2020 25.06.2020 No se presta   Orden iniciada

Powered by Koha